Name all the colors you know - name the most famous colors - Statistics

General Stats
  • This quiz has been taken 52 times
  • The average score is 12 of 16
Answer Stats
Answer % Correct
Blue
100%
Red
100%
Yellow
98%
Black
96%
Green
96%
Orange
96%
Purple
93%
White
91%
Pink
87%
Brown
80%
Gray
74%
Gold
54%
Silver
50%
Turquoise
24%
Lilac
9%
Anthracite
2%
No matching quizzes found
Score Distribution
Percent of People with Each Score
Percentile by Number Answered
Your Score History
You have not taken this quiz